Affordable housing survey (Record no. 109487)

MARC details
000 -LEADER
fixed length control field 01531cad a22002415a 4500
001 - CONTROL NUMBER
control field L147236
008 - FIXED-LENGTH DATA ELEMENTS--GENERAL INFORMATION
fixed length control field 090417s2009 xxkao f 000 0 eng d
035 ## - SYSTEM CONTROL NUMBER
System control number (Sirsi) u147236
041 0# - LANGUAGE CODE
Language code of text/sound track or separate title eng
050 04 - LIBRARY OF CONGRESS CALL NUMBER
Classification number 306.1 $2 18
110 2# - MAIN ENTRY--CORPORATE NAME
Corporate name or jurisdiction name as entry element Homes and Communities Agency
9 (RLIN) 5688
245 00 - TITLE STATEMENT
Title Affordable housing survey
Remainder of title a review of the quality of affordable housing in England
Medium [electronic resource]
260 ## - PUBLICATION, DISTRIBUTION, ETC.
Place of publication, distribution, etc. London
Name of publisher, distributor, etc. Homes and Communities Agecncy
Date of publication, distribution, etc. 2009
505 2# - FORMATTED CONTENTS NOTE
Formatted contents note Foreword -- Executive summary -- Introduction -- Findings -- Recommendations -- Appendices
520 ## - SUMMARY, ETC.
Summary, etc. Using the 'Building for Life Standard', surveys the affordable housing schemes which were either built by Registered Social Landlords (RSLs) or provided by them as market developers as part of planning agreements. Finds that nearly two thirds of schemes are either 'good' or 'very good'. A fifth of schemes were assessed as 'poor'. Scheme strengths were identified, but weaknesses revolved around a lack of response to context. Recommends closer working between RSLs and local planning authorities and enforcing minimum design standards.
590 ## - LOCAL NOTE (RLIN)
Local note KA NTK
650 24 - SUBJECT ADDED ENTRY--TOPICAL TERM
Topical term or geographic name entry element BUILDING FOR LIFE STANDARD
651 #4 - SUBJECT ADDED ENTRY--GEOGRAPHIC NAME
Geographic name England
Chronological subdivision 886-
690 ## - LOCAL SUBJECT ADDED ENTRY--TOPICAL TERM (OCLC, RLIN)
Topical term or geographic name as entry element PROPERTY-RESIDENTIAL PROPERTY-RESIDENTIAL PROPERTY DEVELOPMENT
710 1# - ADDED ENTRY--CORPORATE NAME
Corporate name or jurisdiction name as entry element Commission for Architecture and the Built Environment
9 (RLIN) 4058
856 40 - ELECTRONIC LOCATION AND ACCESS
Uniform Resource Identifier <a href="https://www.homesandcommunities.co.uk/public/documents/HCA_Affodable_Housing_survey.pdf">https://www.homesandcommunities.co.uk/public/documents/HCA_Affodable_Housing_survey.pdf</a>
Public note View the report at www.homesandcommunities.co.uk...
942 ## - ADDED ENTRY ELEMENTS (KOHA)
Suppress in OPAC 0
Holdings
Withdrawn status Lost status Source of classification or shelving scheme Damaged status Not for loan Home library Current library Shelving location Date acquired Total Checkouts Full call number Barcode Date last seen Copy number Price effective from Koha item type
    Dewey Decimal Classification     Virtual Virtual Online 17/04/2009   L147236 147236-1001 06/08/2019 1 06/08/2019 Book